[Event "TUR Cup										"]
[Site "Antalya"]
[Date "2018.01.29"]
[Round "4"]
[White "Donmez, Taha Mert"]
[Black "Var, Sefa"]
[Result "1-0"]
[WhiteElo "1967"]
[BlackElo "1691"]
[PlyCount "41"]
[EventDate "2018.01.27"]
[EventType "swiss"]
[EventRounds "11"]
[EventCountry "TUR"]
[SourceTitle "CBM 182 Extra"]
[Source "ChessBase"]
[SourceDate "2018.02.23"]
[SourceVersion "1"]
[SourceVersionDate "2018.02.23"]
[SourceQuality "1"]

1. c4 Nf6 2. Nc3 c6 3. e4 d5 4. cxd5 cxd5 5. e5 d4 6. Qa4+ Nc6 7. Nb5 Nd7 8. e6 Nb6 9. exf7+ Kxf7 10. Qb3+ Qd5 11. Qxd5+ Nxd5 12. Bc4 e6 13. Nf3 Bc5 14. Ng5+ Kg6 15. h4 Ne5 16. Bxd5 exd5 17. Nc7 Rb8 18. Nxd5 Nd3+ 19. Ke2 Bf5 20. f4 Rbd8 21. h5+ 1-0

[Event "TUR Cup										"]
[Site "Antalya"]
[Date "2018.01.28"]
[Round "3"]
[White "Ersahin, Bulent"]
[Black "Donmez, Taha Mert"]
[Result "1-0"]
[WhiteElo "2189"]
[BlackElo "1967"]
[PlyCount "101"]
[EventDate "2018.01.27"]
[EventType "swiss"]
[EventRounds "11"]
[EventCountry "TUR"]
[SourceTitle "CBM 182 Extra"]
[Source "ChessBase"]
[SourceDate "2018.02.23"]
[SourceVersion "1"]
[SourceVersionDate "2018.02.23"]
[SourceQuality "1"]

1. Nf3 g6 2. g3 Bg7 3. Bg2 Nf6 4. c4 d6 5. Nc3 0-0 6. 0-0 c6 7. d3 Re8 8. Rb1 e5 9. e4 Bg4 10. b4 Nbd7 11. Be3 Nf8 12. Qd2 Bxf3 13. Bxf3 Ne6 14. Bg2 Nh5 15. b5 Qa5 16. Ne2 Qxd2 17. Bxd2 c5 18. a4 Rab8 19. a5 Kh8 20. Be3 Nf6 21. Bh3 Nh5 22. Kh1 Re7 23. Rbe1 Rf8 24. Nc3 f5 25. Nd5 Ree8 26. exf5 gxf5 27. Bxf5 Rxf5 28. g4 Rf3 29. gxh5 Rh3 30. f4 Rxh5 31. f5 Nd8 32. Re2 Nf7 33. Rg2 Bh6 34. Nf6 Bxe3 35. Nxh5 Bg5 36. Ng3 Bf4 37. Ne4 b6 38. a6 Nh6 39. Nxd6 Rd8 40. Ne4 Nxf5 41. Rfg1 Be3 42. Rf1 Bf4 43. Ng5 Rd7 44. Rfg1 h6 45. Ne6 Bg5 46. Nxg5 hxg5 47. Rxg5 Ng7 48. Rxe5 Rxd3 49. Re7 Nf5 50. Rxa7 Rd2 51. Rf1 1-0

[Event "Kesan op 15th"]
[Site "Kesan"]
[Date "2017.08.16"]
[Round "6"]
[White "Tereladze, Sopiko"]
[Black "Donmez, Taha Mert"]
[Result "1-0"]
[WhiteElo "2182"]
[BlackElo "1918"]
[PlyCount "67"]
[EventDate "2017.08.13"]
[EventType "swiss"]
[EventRounds "9"]
[EventCountry "TUR"]
[SourceTitle "CBM 180 Extra"]
[Source "ChessBase"]
[SourceDate "2017.10.06"]
[SourceVersion "1"]
[SourceVersionDate "2017.10.06"]
[SourceQuality "1"]

1. d4 g6 2. c4 Bg7 3. Nc3 d6 4. e4 Nc6 5. Nf3 Bg4 6. Be3 e5 7. d5 Nd4 8. h3 Bxf3 9. gxf3 Ne7 10. f4 c5 11. fxe5 Bxe5 12. h4 Qa5 13. f4 Bg7 14. h5 f5 15. h6 Bf6 16. Qd3 Nf3+ 17. Kf2 Nd4 18. Bh3 Qb6 19. Rab1 0-0 20. b4 Qa6 21. bxc5 fxe4 22. Nxe4 Qxa2+ 23. Qd2 Qxd2+ 24. Bxd2 dxc5 25. Rxb7 Nef5 26. Nxf6+ Rxf6 27. Ra1 a6 28. Bxf5 Nxf5 29. Ra5 Nd6 30. Rg7+ Kh8 31. Kf3 Raf8 32. Rxa6 Nf5 33. Raa7 Nd4+ 34. Kg4 1-0

[Event "TUR-chT2"]
[Site "Konya"]
[Date "2017.07.09"]
[Round "1"]
[White "Yildirim, Yasin"]
[Black "Donmez, Taha Mert"]
[Result "0-1"]
[WhiteElo "1555"]
[BlackElo "1974"]
[PlyCount "64"]
[EventDate "2017.07.09"]
[EventType "team-swiss"]
[EventRounds "9"]
[EventCountry "TUR"]
[SourceTitle "CBM 179 Extra"]
[Source "ChessBase"]
[SourceDate "2017.08.23"]
[SourceVersion "1"]
[SourceVersionDate "2017.08.23"]
[SourceQuality "1"]
[WhiteTeam "Genclik Egitim"]
[BlackTeam "Karaman Yunus Emre"]
[WhiteTeamCountry "TUR"]
[BlackTeamCountry "TUR"]

1. e4 g6 2. d4 Bg7 3. Nc3 c6 4. Be3 d5 5. e5 f6 6. exf6 Nxf6 7. Qd2 Ng4 8. Bg5 0-0 9. f3 Nf6 10. Bh6 Nbd7 11. Bxg7 Kxg7 12. h4 Qc7 13. 0-0-0 Nh5 14. Nge2 e5 15. g4 Nf4 16. Ng3 exd4 17. Qxd4+ Qe5 18. Nge2 Ne6 19. Qf2 Nb6 20. Ng3 Qf4+ 21. Kb1 Qxf3 22. Qxf3 Rxf3 23. Nce2 Bd7 24. Bg2 Rf2 25. Bh3 Nc4 26. g5 Re8 27. Rhf1 Rxf1 28. Nxf1 Nc5 29. Bxd7 Rxe2 30. Bc8 Re8 31. Bh3 Re4 32. Bc8 Nd6 0-1

[Event "Kesan op 14th"]
[Site "Kesan"]
[Date "2016.08.17"]
[Round "6"]
[White "Donmez, Taha Mert"]
[Black "Ererdem, Gani Eren"]
[Result "0-1"]
[WhiteElo "1732"]
[BlackElo "2147"]
[PlyCount "60"]
[EventDate "2016.08.14"]
[EventType "swiss"]
[EventRounds "9"]
[EventCountry "TUR"]
[SourceTitle "CBM 173 Extra"]
[Source "ChessBase"]
[SourceDate "2016.08.29"]
[SourceVersion "1"]
[SourceVersionDate "2016.08.29"]
[SourceQuality "1"]

1. c4 Nf6 2. Nc3 e6 3. e4 c5 4. e5 Ng8 5. Nf3 Nc6 6. d3 d6 7. Bf4 dxe5 8. Nxe5 Qf6 9. Nxc6 Qxf4 10. Na5 b6 11. Nb3 Bb7 12. Qd2 Qxd2+ 13. Nxd2 0-0-0 14. Rg1 g6 15. 0-0-0 Bg7 16. Nb3 Ne7 17. g3 g5 18. Bg2 Nc6 19. Bxc6 Bxc6 20. Kc2 g4 21. Ne4 h6 22. Rgf1 f5 23. Nexc5 bxc5 24. Nxc5 Rhe8 25. Rfe1 e5 26. a3 Bf8 27. Na6 Kb7 28. Nb4 Bf3 29. Rd2 h5 30. Na2 Bh6 0-1

[Event "TUR-ch U20"]
[Site "Canakkale"]
[Date "2016.07.03"]
[Round "9"]
[White "Donmez, Taha Mert"]
[Black "Kocer, Ahmet Doruk"]
[Result "1-0"]
[WhiteElo "1676"]
[BlackElo "1612"]
[PlyCount "101"]
[EventDate "2016.06.27"]
[EventType "swiss"]
[EventRounds "9"]
[EventCountry "TUR"]
[SourceTitle "CBM 173 Extra"]
[Source "ChessBase"]
[SourceDate "2016.08.29"]
[SourceVersion "1"]
[SourceVersionDate "2016.08.29"]
[SourceQuality "1"]

1. e4 c5 2. Nf3 d6 3. d4 cxd4 4. Nxd4 Nf6 5. f3 g6 6. c4 Bg7 7. Nc3 0-0 8. Be3 Nc6 9. Qd2 Bd7 10. Be2 Nxd4 11. Bxd4 a6 12. 0-0 Qa5 13. Rfd1 Rfe8 14. Kh1 Bc6 15. Bxf6 Bxf6 16. Nd5 Qxd2 17. Nxf6+ exf6 18. Rxd2 Kg7 19. Kg1 Re6 20. Rad1 Rae8 21. Bf1 Kf8 22. Rxd6 Ke7 23. R6d4 a5 24. b3 Rb8 25. Kf2 Re5 26. R1d2 h6 27. h3 g5 28. Rd6 h5 29. a3 Re6 30. c5 b5 31. Rxe6+ fxe6 32. Rd6 Rc8 33. b4 a4 34. Ke3 Kf7 35. Bd3 Ke7 36. Bb1 Rc7 37. Ba2 Bd7 38. Rb6 f5 39. exf5 exf5 40. Rh6 Be8 41. Rh7+ Kd8 42. Rxc7 Kxc7 43. Kd4 g4 44. Ke5 Bd7 45. h4 Bc6 46. Bd5 Bd7 47. g3 Bc8 48. f4 Bd7 49. Be6 Be8 50. Kxf5 Kc6 51. Ke4 1-0

[Event "TUR-ch U20"]
[Site "Canakkale"]
[Date "2016.07.01"]
[Round "7"]
[White "Donmez, Taha Mert"]
[Black "Aytekin, Furkan Emre"]
[Result "1-0"]
[WhiteElo "1676"]
[BlackElo "1633"]
[PlyCount "132"]
[EventDate "2016.06.27"]
[EventType "swiss"]
[EventRounds "9"]
[EventCountry "TUR"]
[SourceTitle "CBM 173 Extra"]
[Source "ChessBase"]
[SourceDate "2016.08.29"]
[SourceVersion "1"]
[SourceVersionDate "2016.08.29"]
[SourceQuality "1"]

1. e4 e5 2. Nf3 Nc6 3. Bc4 Nf6 4. d3 Be7 5. Bb3 0-0 6. Nbd2 d6 7. c3 Na5 8. Bc2 c5 9. Nf1 b5 10. Ng3 Qc7 11. 0-0 Nc6 12. h3 Re8 13. Bg5 h6 14. Be3 Bf8 15. Nh4 d5 16. Nhf5 d4 17. Bd2 a5 18. Qf3 Bxf5 19. Nxf5 Re6 20. g4 Nh7 21. Qg3 dxc3 22. bxc3 b4 23. Bb3 Rf6 24. Bd5 Rd8 25. h4 bxc3 26. Bxc3 Nd4 27. Nxd4 cxd4 28. Bxd4 Bd6 29. Be3 g5 30. h5 Nf8 31. Rac1 Qe7 32. Bb6 Rb8 33. Bxa5 Ne6 34. Bxe6 Qxe6 35. Rc2 Rb5 36. Bd2 Bc5 37. Be3 Ba3 38. f3 Qd7 39. Rd1 Rd6 40. Qf2 Rxd3 41. Rxd3 Qxd3 42. Qe2 Rb1+ 43. Kg2 Qd6 44. Qd2 Qe7 45. Qd3 Rb7 46. Rd2 Bb4 47. Qd8+ Qxd8 48. Rxd8+ Kg7 49. Rc8 Ba3 50. Rc2 Rd7 51. Rd2 Rc7 52. Kf2 Kf6 53. Ke2 Ke6 54. Kd3 Bc1 55. Re2 Bxe3 56. Rxe3 Ra7 57. Kc4 Rxa2 58. Rb3 Rd2 59. Ra3 Rd6 60. Kc5 Kd7 61. Ra7+ Ke6 62. Rxf7 Ra6 63. Rh7 Ra3 64. Rxh6+ Kf7 65. Rg6 Rxf3 66. Rxg5 Rg3 1-0

[Event "TUR-ch U20"]
[Site "Canakkale"]
[Date "2016.06.29"]
[Round "4"]
[White "Gonullu, Muhammed Sinan"]
[Black "Donmez, Taha Mert"]
[Result "1/2-1/2"]
[WhiteElo "1627"]
[BlackElo "1676"]
[PlyCount "53"]
[EventDate "2016.06.27"]
[EventType "swiss"]
[EventRounds "9"]
[EventCountry "TUR"]
[SourceTitle "CBM 173 Extra"]
[Source "ChessBase"]
[SourceDate "2016.08.29"]
[SourceVersion "1"]
[SourceVersionDate "2016.08.29"]
[SourceQuality "1"]

1. d4 c5 2. c3 g6 3. h4 Bg7 4. h5 d5 5. Nf3 Nc6 6. dxc5 Bg4 7. Nd4 Qd7 8. f3 Bf5 9. Nxf5 gxf5 10. Be3 e5 11. Bf2 Nf6 12. h6 Bf8 13. b4 Qe6 14. Qa4 Nd7 15. Na3 Rc8 16. e4 fxe4 17. fxe4 dxe4 18. Bc4 Qg4 19. Qb3 Qg6 20. 0-0-0 Nf6 21. Rh3 Bxh6+ 22. Kb2 Bf4 23. g3 Bg5 24. Nb5 0-0 25. Nd6 Rb8 26. g4 Nxg4 27. Bh4 1/2-1/2